ALEMANES (Registro nro. 128)
[ vista simple ]
| 000 -CABECERA | |
|---|---|
| Campo de control de longitud fija | 00707nam a2200253ua 4500 |
| 003 - IDENTIFICADOR DE NÚMERO DE CONTROL | |
| Campo de control | armpcda |
| 005 - FECHA Y HORA DE LA ÚLTIMA MODIFICACIÓN | |
| control field | 20160802124647.0 |
| 040 ## - FUENTE DE CATALOGACIÓN | |
| Centro de catalogación original | armpcda |
| Lenguaje de catalogación | spa |
| Centro que realiza la transcripción | armpcda |
| 041 ## - CÓDIGO DE LENGUAJE | |
| Language code of text/sound track or separate title | spa |
| 020 ## - NUMERO INTERNACIONAL NORMALIZADO PARA LIBROS (ISBN) | |
| International Standard Book Number | 9871033133 |
| 001 - NÚMERO DE CONTROL | |
| Campo de control | 000402 |
| 008 - ELEMENTOS DE LONGITUD FIJA INFORMACIÓN GENERAL | |
| Campo de control de longitud fija | 036020s2005 ||||||||||||||000 | spa|| |
| 245 10 - Mención de Título | |
| Título | ALEMANES |
| Resto del título | en la arquitectura rioplatense |
| Mención de responsabilidad | editor literario de Graciela María Viñuales |
| 260 ## - Publicación, Distribución, Etc. (Pie de imprenta) | |
| Lugar de publicación, distribución, etc. | Buenos Aires |
| Nombre del editor, distribuidor, etc. | CEDODAL |
| Fecha de publicación, distribución, etc. | 2005 |
| 300 0# - Descripción física | |
| Extensión | 215 P. |
| Otras características físicas | il. , fotos ; 30 cm. |
| 650 #4 - Punto de acceso adicional de materia -Término de materia | |
| Término de materia o nombre geográfico como elemento inicia | ARQUITECTOS ALEMANES |
| 650 #4 - Punto de acceso adicional de materia -Término de materia | |
| Término de materia o nombre geográfico como elemento inicia | ARQUITECTURA RIOPLATENSE |
| 650 #4 - Punto de acceso adicional de materia -Término de materia | |
| Término de materia o nombre geográfico como elemento inicia | ARQUITECTURA SIGLO XIX |
| 650 #4 - Punto de acceso adicional de materia -Término de materia | |
| Término de materia o nombre geográfico como elemento inicia | ARQUITECTURA SIGLO XX |
| 650 #4 - Punto de acceso adicional de materia -Término de materia | |
| Término de materia o nombre geográfico como elemento inicia | MODERNISMO |
| 650 #4 - Punto de acceso adicional de materia -Término de materia | |
| Término de materia o nombre geográfico como elemento inicia | RACIONALISMO |
| 942 ## - ADDED ENTRY ELEMENTS (KOHA) | |
| Koha item type | LIBRO |
| Source of classification or shelving scheme | |
| 901 ## - LOCAL DATA ELEMENT A, LDA (RLIN) | |
| a | n |
| b | m |
| Withdrawn status | Lost status | Damaged status | Not for loan | Home library | Current library | Date acquired | Total Checkouts | Full call number | Barcode | Date last seen | Price effective from | Koha item type |
|---|---|---|---|---|---|---|---|---|---|---|---|---|
| Disponible para préstamo | Centro de Documentación FAUD | Centro de Documentación FAUD | 02/08/2016 | ARQUITECTOS ALE | 000158 | 02/08/2016 | 02/08/2016 | LIBRO |